000 00804nam a22002057a 4500
001 84936
003 BD-RjUL
005 20250518114801.0
008 250518s1936 lyd||||| |||| 00| 0 eng d
035 _a(BD-RjUL)84936
040 _aBD-RjUL
_beng
_cBD-RjUL
041 _aeng
082 _223
_a824
_bBAD 1936
100 1 0 _aBarrow, Cecil M.
_915490
245 _a De Quincey's Revolt of the Tartars and The English Mail-Coach. With introduction and notes by Cecil M. Barrow ... and Mark Hunter De Quincey's Revolt of the Tartars and The English Mail-Coach. With introduction and notes by Cecil M. Barrow ... and Mark Hunter /
_cCecil M. Barrow , J.M.S. Hunter
260 _aLondon:
_bGeorge Bell & Sons, London ,
_c1936
300 _a188 p. ;
_c18 cm
700 _aHunter, J.M.S.
_915491
942 _2ddc
_cBK
999 _c84936
_d84936